| 000 | 00784nam a2200229 a 4500 | ||
|---|---|---|---|
| 001 | 63728 | ||
| 003 | BD-RjUL | ||
| 005 | 20211209081228.0 | ||
| 008 | 170202s2003 bg ||||| |||| 00| 0 ben d | ||
| 020 | _c: TK 60.00 | ||
| 035 | _a(BD-RjUL)63857 | ||
| 040 |
_aBD-RjUL _bben _cBD-RjUL |
||
| 041 | _aben | ||
| 082 |
_223 _a891.441 _bMUB 2003 |
||
| 100 |
_aমুকুটমণি, অসিত _9189210 |
||
| 245 | 1 | 0 |
_aভুলেও ভেবোনা ভুলে যাবো / _cঅসিত মুকুটমণি |
| 260 |
_aঢাকা : _bসুবেদ মজুমদার, _c২০০৩ |
||
| 300 |
_a৮০ পৃ. ; _c২১ সেমি. |
||
| 650 |
_aবাংলা কবিতা _9170454 |
||
| 650 |
_aBengali Poetry _9170515 |
||
| 942 |
_2ddc _cBK |
||
| 999 |
_c63728 _d63728 |
||